007210000a22000970004500001000600000041000800006082002100014245008500035260004900120505045400169130060 aSPA04aR 261.91 D41319d10aDistintivos denominacionales : 2004 / Luis Francisco Bermúdez Cuervo [et. al.] aMedellín : Seminario Bíblico de Colombia00a- Iglesia Cruzada Cristiana. Luis Francisco Bermúdez Cuervo - Iglesias Evangélicas Interamericanas de Colombia, Igleico. Daniel Castro A. - Iglesia Evangélica Luterana de Colombia. John Henry Rojas Torres - Iglesia Misionera Casa de Israel. Hector Rivera - Iglesia Presbiteriana de Colombia (Sínodo Reformado). Libny Cruz, Julián A. Marín, Ernesto E. Martínez, Maria I. Serrano - Iglesia Wesleyana. Angélica Bernate, Héctor Pérez